01566nam a2200229 a 4500008004100000020001500041050001600056100001500072245003600087260002600123300001500149350000900164650003600173995016300209995015500372995015500527995016400682995015500846995016301001995015501164999001701319120416s1980 ||||||||||||||||| || u a0582411793 aTH 6025 Hal aHall, Fred10aBuilding services and equipment aLondonbLongmanc1980 a3v. : ill. a0.00 aBUILDINGS--MECHANICAL EQUIPMENT aMAIN LIBRARY OPEN ACCESSD0.00e731287FCBU-MAIN LIBRARY (Kitwe)H4I8.50jTH 6025 HalM6UAVAILABLEWJul 6, 2006y028918ZMain Library Open Access Collection aBINDERY (DAMAGED)D0.00e707330FCBU-MAIN LIBRARY (Kitwe)H2I8.50jTH 6025 HalM3UDAMAGEDWMar 16, 2007y016309ZMain Library Open Access Collection aBINDERY (DAMAGED)D0.00e707331FCBU-MAIN LIBRARY (Kitwe)H5I8.50jTH 6025 HalM5UDAMAGEDWMar 16, 2007y016311ZMain Library Open Access Collection aMAIN LIBRARY OPEN ACCESSD0.00e731289FCBU-MAIN LIBRARY (Kitwe)H7I8.50jTH 6025 HalM7UAVAILABLEWMar 16, 2007y028916ZMain Library Open Access Collection aBINDERY (DAMAGED)D0.00e707329FCBU-MAIN LIBRARY (Kitwe)H3I8.50jTH 6025 HalM2UDAMAGEDWMar 16, 2007y016308ZMain Library Open Access Collection aANNEX COLLECTION (Main Library)D0.00e707328FCBU-MAIN LIBRARY (Kitwe)H6I8.50jTH 6025 HalM1UAVAILABLEWMar 16, 2007y016307ZAnnex Low-Usage Collection  aBINDERY (DAMAGED)D0.00e707332FCBU-MAIN LIBRARY (Kitwe)H1I8.50jTH 6025 HalM4UDAMAGEDWMar 16, 2007y016310ZMain Library Open Access Collection c78944d78944